Cómo entender la misa
Guardat en:
| Autor principal: | |
|---|---|
| Format: | Llibre |
| Idioma: | espanyol |
| Publicat: |
Bogotá
Paulinas
1992
|
| Col·lecció: | El Problema es
|
| Matèries: | |
| Etiquetes: |
Afegir etiqueta
Sense etiquetes, Sigues el primer a etiquetar aquest registre!
|
MARC
| LEADER | 00000nam a2200000 a 4500 | ||
|---|---|---|---|
| 001 | UCX4958 | ||
| 003 | CL-VaPUC | ||
| 008 | 920817e19920000CK |||||||||||||||||spa|d | ||
| 082 | 0 | 4 | |a 264.36 |b MOR |2 21 |
| 100 | |a Moretti, Dante |e autor |9 477876 | ||
| 245 | 1 | 0 | |a Cómo entender la misa |
| 300 | |a 72 p | ||
| 942 | |c BK | ||
| 945 | |d 19920817 00:00:00 | ||
| 260 | |a Bogotá |b Paulinas |c 1992 | ||
| 650 | 7 | |a MISA CELEBRACION |2 CL-VaPUC |9 321248 | |
| 583 | |a last modification |c 19920817 00:00:00 |k Rodrigo Vera | ||
| 490 | 0 | |a El Problema es | |
| 999 | |c 225319 |d 225317 | ||
| 952 | |0 0 |1 2 |4 0 |6 264_360000000000000_MOR_1992 |7 0 |8 A |9 222733 |a BIBTEO |b BIBTEO |d 2019-11-15 |i 2915235 |o 264.36 MOR 1992 |p 2915235 |r 2019-11-15 |w 2019-11-15 |x Descarte 2019 |y BK |k ICR | ||